[Event "New York op"]
[Site "New York"]
[Date "1997.04.03"]
[Round "?"]
[White "Pushkov, Nikolai"]
[Black "Psakhis, Lev"]
[Result "1/2-1/2"]
[WhiteElo "2530"]
[BlackElo "2610"]
[Annotator "Psakhis,L"]
[PlyCount "90"]
[EventDate "1997.04.02"]
[EventType "swiss"]
[EventRounds "9"]
[EventCountry "USA"]
[SourceTitle "CBM 057 Extra"]
[Source "ChessBase"]
[SourceDate "1997.05.01"]
[SourceVersion "1"]
[SourceVersionDate "1997.05.01"]
[SourceQuality "1"]

1. Nf3 c5 2. c4 Nc6 3. Nc3 Nf6 4. g3 d5 5. cxd5 Nxd5 6. Bg2 Nc7 7. O-O e5 8. d3
Be7 9. Be3 Bd7 10. Nd2 O-O 11. Nc4 b6 {N} (11... f6 $5 12. a4 (12. f4 b5 13.
Nd2 Rc8 14. fxe5 Nxe5 $11) 12... Kh8 13. f4 (13. Rc1 b6 14. f4 exf4 15. gxf4
Rc8 16. f5 Be8 17. Qe1 Nd4 18. Qh4 Bf7 {0-1 Thoma,R-Farago,I/Budapest Elekes
1995 (37)}) 13... exf4 14. Bxf4 Be6 15. Bxc7 Qxc7 16. Nd5 Qd7 $11) 12. Bxc6 {N/
} (12. a4 $5 Rc8 (12... Rb8 13. f4 exf4 14. Bxf4 Rc8) 13. Nb5 Nxb5 14. axb5 Na5
15. Qa4 a6 16. Nxb6 Qxb6 17. Qxa5 Qxa5 18. Rxa5 axb5 19. Ra7 Rfd8 20. Rfa1 $14
{1/2-1/2 Vodicka,V-Jirovsky,M/Czech t-ch 1996 (66)}) 12... Bxc6 13. Nxe5 Bb7
14. Qa4 Bf6 15. Nf3 (15. Nd7 Bxc3 16. Nxf8 (16. bxc3 b5 17. Qg4 f5 $19) 16...
Bxb2 (16... b5 17. Qg4) (16... Bd4 17. Bxd4 Qxd4 18. Qxd4 cxd4 19. Nd7 Re8 20.
Rac1 Nd5 21. Rc4) 17. Rab1 Bd4 (17... Qd5 18. Qe4 Qxe4 19. dxe4 Bc3 20. Nd7
Bxe4 21. Rbc1) 18. Bxd4 Qxd4 19. Qxd4 cxd4 20. Nd7 Re8 21. Rbc1 Nd5 $44) (15.
Ng4 Bd4 (15... Bxc3 16. bxc3 Re8) 16. Bxd4 cxd4 17. Nd1 Re8 $36) (15. f4 $5 Re8
16. Qb3) 15... Bxf3 16. exf3 Qxd3 (16... Bxc3 $6 17. bxc3 Qxd3 18. c4 $14) 17.
Rfd1 Qf5 18. Qe4 Qc8 (18... Qxe4 19. fxe4 Bxc3 20. bxc3 Nb5 21. Rac1 Rad8 22.
Rd5) 19. Rd2 Re8 20. Qc2 (20. Qc6 Re6 (20... Ne6 21. Qxc8 Raxc8 22. Ne4 Be5 23.
f4) 21. Qd7 Re7) 20... Ne6 21. Ne4 Be7 22. Rad1 Qc6 23. f4 Rad8 24. f5 Nc7 25.
Ng5 Rxd2 26. Qxd2 Rd8 (26... Bxg5 27. Bxg5 Qf3 28. Qd7) (26... h6 27. Qd7 $1)
27. Qc2 (27. Qxd8+ Bxd8 28. Rxd8+ Ne8 $17) 27... Rxd1+ 28. Qxd1 Nd5 29. Qf3 (
29. Qh5 Bxg5 30. Qxg5 Qe8) 29... Bf6 30. b3 Bxg5 (30... b5 31. Ne4) 31. Bxg5 f6
(31... b5 32. f6 $1) 32. Bd2 c4 (32... b5 $5) 33. bxc4 Qxc4 34. Qa3 Qc2 35. Qd6
Qb1+ (35... Qxd2 36. Qd8+ (36. Qe6+ $2 Kf8 37. Qc8+ Ke7 38. Qe6+ Kd8 39. Qd6+
Kc8 40. Qc6+ Kb8 41. Qd6+ Kb7 42. Qd7+ Ka6 43. Qa4+ Qa5 $19)) (35... Qxf5 36.
Qb8+ Kf7 37. Qxa7+) 36. Kg2 Qe4+ 37. Kg1 h5 38. Qb8+ Kh7 39. Qxa7 h4 40. Qa6 (
40. Qf7 Qxf5 $15) 40... h3 41. Qf1 Qxf5 42. f3 Kg8 43. Qe2 Qb1+ 44. Kf2 Qxa2
45. Qe8+ Kh7 1/2-1/2

[Event "Dresden zt 1.2"]
[Site "Dresden"]
[Date "1998.04.28"]
[Round "1"]
[White "Psakhis, Lev"]
[Black "Rogulj, Branko"]
[Result "1-0"]
[WhiteElo "2565"]
[BlackElo "2430"]
[Annotator "Psakhis/Ribli"]
[PlyCount "70"]
[EventDate "1998.04.28"]
[EventType "swiss"]
[EventRounds "11"]
[EventCountry "GER"]
[SourceTitle "CBM 065"]
[Source "ChessBase"]
[SourceDate "1998.08.06"]
[SourceVersion "1"]
[SourceVersionDate "1998.08.06"]
[SourceQuality "1"]

1. c4 c5 2. Nf3 Nf6 3. Nc3 Nc6 4. g3 d5 5. d4 {Ribli: Das ist Tals Idee. Der
"Rigaer Zauberer" spielte so schon 1985 gegen Timman. Heutzutage ist diese
Fortsetzung sehr populär. Mir scheint, daß Weiß in dieser symmetrischen
Stellung dank seines Anzugsvorteils ohne Risiko etwas besser steht.} Bf5 $5 {
[%mdl 32768]} (5... Bg4 {Ribli} 6. Ne5 (6. cxd5 Bxf3 7. exf3 Nxd5 (7... Nxd4 8.
Be3 $16) 8. Bb5 e6 $13) 6... cxd4 7. Nxc6 bxc6 8. Qxd4 Qb6 (8... e6 9. cxd5
cxd5 10. Bg5 Qb6 11. Qa4+ Kd8 12. O-O-O Rb8 13. Rd2 Bb4 14. Be3 Qc7 15. Rc2 $2
(15. Qxa7 $142 {Comp Fritz8}) 15... Bf5 16. Bf4 {Adamski,J-Schmidt,B/ Giessen
op 1993} e5 $1 $17 {/ -+ Comp Fritz8}) 9. Be3 Qxd4 10. Bxd4 dxc4 11. Bg2 Nd5
12. Rc1 e6 13. h3 Bh5 14. Nxd5 cxd5 15. Rxc4 $1 dxc4 16. Bxa8 $14 {Jukic,
M-Pinter,J/ CRO-chT Tucepi 1996/ 1/2-1/2 (30)}) (5... e6 {Ribli: Dies ist
meines Erachtens die beste schwarze Möglichkeit.} 6. cxd5 Nxd5 7. Bg2 cxd4 8.
Nxd4 Nxc3 9. bxc3 Nxd4 10. Qxd4 Qxd4 11. cxd4 Bb4+ 12. Bd2 Bxd2+ 13. Kxd2 Ke7
$14 {Weiß steht theoretisch etwas aktiver, aber Schwarz kann das Gleichgewicht
relativ einfach wahren.}) 6. cxd5 (6. Bg2 dxc4 $1 (6... Be4 {Ribli} 7. dxc5 $16
) 7. Qa4 (7. d5 $5 {Ribli} Nb4 8. Nh4 (8. e4 $2 Nd3+ (8... Nxe4 9. Nxe4 Bxe4
10. Qa4+ Qd7 11. Qxd7+ Kxd7 12. Ne5+ Kd6 13. Nxf7+ Kxd5 14. Bxe4+ Kxe4 15. Nxh8
Nc2+ 16. Ke2 Nxa1 $17) 9. Ke2 Nxe4 (9... Nxc1+ $2 10. Rxc1 Nxe4 11. Nxe4 Bxe4
12. Qa4+ (12. Ne5 $2 Qb8 $1 13. Qa4+ b5 $19) 12... Qd7 13. Qxd7+ Kxd7 14. Ne5+
$18) 10. Nxe4 Bxe4 11. Qa4+ Qd7 12. Qxd7+ Kxd7 $19) 8... Nc2+ (8... Bc2 9. Qd2
$16 {[%csl Rb4,Rc2]}) 9. Kf1 Nxa1 10. Nxf5 $16 {[%csl Ra1] Früher oder später
holt sich Weiß den Springer a1.}) 7... cxd4 8. Nxd4 Qxd4 9. Bxc6+ Bd7 10. Bxd7+
Qxd7 11. Qxc4 Rc8 12. Qb3 e6 {1/2-1/2 Horvath,J-Sax,G/ Odorheiu Secuiesc 1993 
(12)}) 6... Nxd5 7. Bg2 Nxc3 (7... e6 8. O-O (8. Nh4 Nxc3 9. Nxf5 exf5 10. bxc3
cxd4 11. Qa4 Rc8 12. Rb1 $1 $36) 8... Be7 9. Nxd5 Qxd5 10. Be3 (10. Ne5 Be4 $1
$11) 10... cxd4 (10... Be4 11. dxc5 Bf6 12. Qa4 $1) (10... Bf6) 11. Nxd4 Be4
12. Nxc6 (12. f3 Bg6 13. Nxc6 Qxc6 14. Rc1 $36 (14. f4 Be4 15. Rc1 Bxg2 16.
Rxc6 Bxc6)) 12... Bxg2 13. Nxe7 Kxe7 14. Qxd5 Bxd5 $11) (7... Ndb4 $1 {Ribli}
8. e4 Bg4 9. a3 (9. d5 Nd4 {[%csl Gb4,Gd4,Gg4]}) 9... cxd4 10. axb4 dxc3 11.
bxc3 g6 $1 12. h3 Bxf3 13. Bxf3 Bg7 14. Ra3 O-O $15 {[%csl Rf3,Gg7] Andersson,
U-Portisch,L/ Mar del Plata 1982}) 8. bxc3 Be4 9. O-O e6 (9... Qd5 10. dxc5 (
10. c4 $5 Qxc4 11. Nd2 Qxd4 12. Bxe4 Qxa1 13. Qa4 Qf6 14. Bb2 (14. Ba3 Rc8 15.
Rb1 b6)) 10... Qxc5 11. Qb3 $14) 10. Qb3 {Ribli: Weiß hat
Entwicklungsvorsprung und mir scheint der schwarze Läufer am Damenflügel zu
fehlen.} Bd5 $6 (10... cxd4 $5 11. cxd4 (11. Nxd4 Nxd4 12. cxd4 Bxg2 13. Kxg2
Qd7 $11) 11... Bd5 $11) (10... Na5 11. Qb5+ Bc6 12. Qd3 cxd4 13. cxd4 $36) (
10... Qb6 11. e3 (11. Be3 Qxb3 12. axb3 cxd4 13. Nxd4 Bxg2 14. Kxg2 Nxd4 15.
Bxd4 a6 16. Rfd1 $14) (11. Qxb6 {Ribli} axb6 12. Be3 $14 {[%csl Rb6,Rb7]})) (
10... Qd7 {Ribli} 11. Ne5 Nxe5 12. Bxe4 $14 {[%csl Ge4]}) 11. c4 $1 {Ribli:
Mit diesem zeitweiligen Bauernopfer übernimmt Weiß die Initiative.} Nxd4 (11...
Na5 12. Qc2 (12. Qa4+ {Ribli} Bc6 13. Qc2 cxd4 14. Rd1 $44 {[%csl Ra5,Gd4]
[%cal Gd1d8]}) 12... Bxc4 (12... Nxc4 $2 13. e4 $18) (12... Bxf3 13. Bxf3 Qd7
14. d5 $16) (12... Bc6 13. Rd1 cxd4 14. Nxd4 Bxg2 15. Qa4+ (15. Nxe6 Qe7 16.
Nxf8 Qe4 $1 17. Qa4+ Nc6 18. f3 $18) 15... Nc6 16. Nxc6 Qc7 17. Ne5+ Bc6 18.
Nxc6 Qxc6 19. Qxc6+ bxc6 20. Rb1 $1 $16) 13. Ne5 (13. dxc5) 13... Bb5 (13...
Bd5 14. Qa4+ Ke7 15. Ba3 $40) (13... Ba6 $2 14. Bd2 $1 $16) 14. Rb1 a6 (14...
Bd7 15. Rd1) 15. a4 Qxd4 (15... Bc6 16. Nxc6 Nxc6 (16... bxc6 17. dxc5 Qc7 18.
Rb6 $18) 17. Rxb7 Qc8 (17... Nxd4 $2 18. e3 $1 $18 {[%cal Yg2c6]}) 18. Rb6 Nxd4
19. Qb2 $18) 16. axb5 Qxe5 17. Qa4 $1 axb5 18. Qxb5+ Ke7 19. Bf4 Qc3 20. Rfd1
$18) (11... Bxf3 12. Bxf3 Qd7 (12... Nxd4 13. Qxb7 Nxf3+ 14. exf3 Bd6 15. Qc6+
Ke7 16. Rd1 $36) 13. Rb1 (13. d5 $5) 13... cxd4 14. Qxb7 Qxb7 15. Rxb7 Ne5 16.
Bg2 $16) 12. Nxd4 Bxg2 13. Nxe6 $5 {In diesem Zwischenzug liegt die weiße
Pointe.} (13. Kxg2 cxd4 14. Qxb7 Rc8 (14... Qc8 $11 {Ribli}) 15. Rd1 $36) 13...
fxe6 (13... Qd6 14. Kxg2 Qc6+ $5 15. Qf3 Qxf3+ 16. exf3 $5 (16. Kxf3 $14) 16...
fxe6 17. Re1 Kd7 18. Bb2 Re8 19. Rad1+ Kc6 20. f4 $1) 14. Kxg2 Qd7 15. Qf3 $1 {
Der Entwicklungsvorsprung und die bessere Bauernstruktur sprechen für Weiß.} (
15. Rd1 {Ribli} Qc6+ $11) 15... O-O-O 16. Bb2 Bd6 (16... h5 17. h4 $1) 17. Rad1
Qe7 (17... Rhf8 {Ribli} 18. Qe4 $14) 18. Qe4 $16 {Weiß entfaltet besseres
Figurenspiel, während die schwarze Königsstellung ein wenig schwach ist.} h5
19. h4 $1 (19. h3 {Ribli} Qf7 $14 (19... h4 20. g4 $14)) 19... Qf7 (19... Rd7
20. Rd3 Rhd8 21. Qg6) 20. Rd3 {[%csl Rc8][%cal Gd3b3,Gf1d1,Rd1d6]} Be7 $2 (
20... Rd7 $8 21. Rfd1 Rhd8 22. Be5 $16) 21. Ra3 $1 Kb8 (21... a6 $2 22. Rxa6 $1
bxa6 23. Qc6+ Kb8 24. Be5+ Ka7 (24... Bd6 25. Rb1+ Ka7 26. Qb6+ Ka8 27. Qxa6+
Qa7 28. Qc6+ $18 {nebst Matt im nächsten Zug.}) 25. Rb1 $18) 22. Rb1 $40 {
[%csl Rb8]} (22. Rf3 $5 Qg8 (22... Bf6 23. Qf4+ Ka8 24. Bxf6 gxf6 25. Qxf6 $18)
23. Be5+ Ka8 (23... Bd6 24. Bxd6+ Rxd6 25. Qe5) 24. Rb1 Rd7 25. Rd3) 22... Bf6
$2 (22... Bd6 $142 23. Be5 $16) 23. Bxf6 $6 (23. Be5+ $1 Bxe5 (23... Ka8 24.
Qf3 $1 Rhf8 25. Rxa7+) 24. Qxe5+ Ka8 25. Qxc5 a6 26. Rxa6+ $18) 23... gxf6 24.
Rxb7+ $5 {Ribli: Mit diesem schönen und pragmatischen Zug gewinnt Weiß die
Dame für zwei Türme. Die schwarze Königsstellung bleibt schwach und Weiß kann
sich in der Folge die schwarzen Bauern einverleiben.} (24. Qc6 $145 $1 {
wäre die Wahl des Computers gewesen mit der möglichen Fortsetzung} Rd7 25. Qa6
b6 26. Rxb6+ axb6 27. Qa8+ Kc7 28. Qxh8 $18) 24... Qxb7 25. Rb3 $16 {/ +-} Qxb3
(25... Rh7 {Ribli} 26. Rxb7+ Rxb7 27. Qxe6 {[%csl Rb8,Rc5,Rf6,Rh5]}) 26. axb3
Rd6 (26... Rhe8 27. Qf4+ $18) (26... e5 {Ribli} 27. Qc6 $18 {[%csl Gc6][%cal
Rc6c5,Rc6f6]}) 27. Qe3 $1 {Ribli: In dieser Stellung ist die Dame in ihrer
Effektivität den schwarzen Türmen überlegen.} Rc8 (27... Rc6 {Ribli} 28. Qf3 {
[%cal Rf3f6,Rf3c6]}) 28. Qf3 Rb6 29. Qxf6 {[%csl Re6,Gf6,Rh5]} Rxb3 30. Qxe6
$18 {Ribli: Weiß hat jetzt Dame und zwei Bauern für die Türme. Sobald Weiß die
Bauernmasse am Königsflügel in Bewegung setzen kann, ist die Partie
entschieden.} Rb6 31. Qe5+ Kb7 32. Qxh5 {Ribli: Die vier (!) verbundenen
Freibauern sichern Weiß natürlich den Gewinn.} a5 33. Qf3+ Ka6 34. h5 a4 35. g4
Rcb8 $138 (35... Rcb8 36. g5 $18 {Weiß ist mit seinen Bauern schneller.}) (
35... Rb3 {Ribli} 36. Qd5 a3 37. Qd7 {[%cal Rd7c8,Gd7a4,Ra4b3]} Rcb8 38. Qa4+
Kb7 39. Qxb3+ $18) 1-0